A propósito del SNI : ayudar es la palabra (Record no. 61663)

MARC details
000 -CABECERA
campo de control de longitud fija 00578nam a2200217 a 4500
005 - FECHA Y HORA DE LA ÚLTIMA TRANSACCIÓN
campo de control 20210219152824.0
008 - ELEMENTOS DE LONGITUD FIJA--INFORMACIÓN GENERAL
campo de control de longitud fija 991125n 000 0 spa u
035 ## - NÚMERO DE CONTROL DEL SISTEMA
Número de control de sistema UPN01000062337
100 1# - ASIENTO PRINCIPAL--NOMBRE PERSONAL
Nombre de persona Genovés, Santiago, 1923-
222 #0 - TÍTULO CLAVE
Título clave AVANCE Y PERSPECTIVA
245 00 - MENCIÓN DE TÍTULO
Título A propósito del SNI : ayudar es la palabra
260 ## - PUBLICACIÓN, DISTRIBUCIÓN, ETC.
Lugar de publicación, distribución, etc. Distrito Federal, México
300 ## - DESCRIPCIÓN FÍSICA
Extensión 25-28
362 0# - FECHAS DE PUBLICACIÓN Y/O DESIGNACIÓN SECUENCIAL
Fecha de publicación y/o designación secuencial 1993 Vol. 12, ene.-feb.
653 0# - TERMINO DE INDIZACION - NO CONTROLADO
Término no controlado INVESTIGACION CIENTIFICA
653 0# - TERMINO DE INDIZACION - NO CONTROLADO
Término no controlado INVESTIGADORES
653 0# - TERMINO DE INDIZACION - NO CONTROLADO
Término no controlado MEXICO
653 0# - TERMINO DE INDIZACION - NO CONTROLADO
Término no controlado SNI
904 ## - ELEMENTOS DE DATOS D LOCAL, LDD (RLIN)
a AC
b 000148
905 ## - TIPO DE MATERIAL
Tipo de material Articulo

No items available.